000 00517nam a2200205Ia 4500
003 OSt
005 20230505093547.0
008 210423s2007 xx 000 0 und d
040 _cAL
041 _aeng
082 _a547
_223
_bMORR
100 _aMORRISON (Robert Thornton);BOYD (Robert Neilson).
_998431
245 _aOrganic chemistry.
250 _a6
260 _aNew Delhi
_bPearson Education Pvt Ltd
_c2007
300 _a1349
365 _b475
_cINR
906 _achemistry. ; Organic
942 _2ddc
_cBK
999 _c163640
_d163640